|
|
|
|
| LEADER |
00000nab a2200000 a 4500 |
| 001 |
vtls000798608 |
| 003 |
SK-MaSNL |
| 005 |
20260304005606.0 |
| 008 |
180206c2002 xo 0 slo |
| 015 |
|
|
|a SNBRB2002/06-21063
|
| 035 |
|
|
|a CLN000150263
|
| 040 |
|
|
|a SNKBUCL
|b slo
|c SNKBUCL
|e AACR2
|
| 041 |
0 |
|
|a slo
|
| 044 |
|
|
|a xo
|c SK
|
| 080 |
|
|
|a 378.4.096(437.6):621.3+681.3
|2 UDC-MRF-SK2
|
| 080 |
|
|
|a 378.662.096(437.6):631.3+681.3
|2 UDC-MRF-SK2
|
| 100 |
1 |
|
|a Manca, Stanislav J.
|4 ain
|9 838921
|
| 245 |
1 |
0 |
|a Musíme sa spoľahnúť na vlastný rozum
|b vysoké školy majú priestor na to, aby mohli o sebe rozhodovať sami - F. Janíček
|c zhováral sa Stanislav J. Manca
|
| 300 |
|
|
|b Fotogr.
|
| 610 |
2 |
7 |
|a Slovenská technická univerzita v Bratislave.
|b Fakulta elektrotechniky a informatiky
|2 snkbucl
|9 179801
|
| 651 |
|
7 |
|a Bratislava (Slovensko)
|2 snkbucl
|
| 655 |
|
7 |
|a články z novín a časopisov
|2 snkbucl
|9 267496
|
| 700 |
1 |
|
|a Janíček, František,
|d 1954-
|4 aut
|4 4600
|9 213813
|
| 773 |
0 |
|
|x 1335-7883
|t Verejná správa
|g Roč. 57, č. 13 (2002), s. 2-4
|
| 850 |
|
|
|a Slovenská národná knižnica v Martine
|
| 852 |
|
|
|a SNK
|b KIS3GCP
|
| 958 |
|
|
|a RBX
|
| 999 |
|
|
|c 2556721
|d 2558651
|